000 00951nam 22002173 4500
001 199372
010 _a978-989-583-100-5
021 _aPT
_b542199/25
090 _a199372
100 _a20251203d u||y0pory50 ba
200 _aRaio de luz
_ftexto e ilustrações Kelly Canby
205 _a
210 _aLisboa
_cNuvem de Letras
_d2025
215 _a[36] p.
_cil. ; encadernado
_d30 cm
330 _aA história de uma pequena cidade que se sentia protegida entre muros, mas que estava mesmo a precisar de um raio de luz. Um livro inspirador, com uma mensagem atual e urgente de como é importante promovermos o respeito, a empatia e a aceitação. Um hino à tolerância, que nos prova que vale sempre a pena alargarmos o nosso horizonte... respeitando o ritmo de cada um.
606 _92
_aLiteratura Infantil Inglesa
675 _a821.111-93
_vPT
_zpor
700 _915251
_aCanby
_bKelly
801 _aPT
_bBMMN
_gRPC
830 _cIsabel
990 _cLIVROS